00297nam a22001217a 450000500170000000800060001702000230002304000140004604100060006010000210006624500520008726000360013920250129101540.0 eng  a9781788814690qpbk aRDAc3228 2E aHegarty,Patricia aFlamingocA colourful book of countinghEnglish aDublinbLittle Tiger Kidsc2019